| 000 | 00374 a2200121 4500 | ||
|---|---|---|---|
| 999 |
_c47 _d47 |
||
| 003 | NUST | ||
| 005 | 20171219123539.0 | ||
| 008 | 170622b xxu||||| |||| 00| 0 eng d | ||
| 020 | _a007100405X | ||
| 040 | _c0 | ||
| 082 | _a620.106 DAU | ||
| 100 |
_aDaugherty, Robert L. _93057 |
||
| 245 |
_aFluid mechanics with engineering applications _cRobert L. Daugherty, Joseph B. Franzini, E. John Finnemore. |
||
| 250 | _aSI Matric ed. | ||
| 260 |
_c1985. _aLahore _bNational Book Foundation |
||
| 300 |
_axix, 596 p. : _bill. ; _c24 cm. |
||
| 500 | _aP.B | ||
| 650 |
_aFluid mechanics. _91678 |
||
| 942 |
_2ddc _cTEXT _kIESE |
||